[Event "WJCC U20 Girls 2019"]
[Site "New Delhi"]
[Date "2019.10.23"]
[Round "9.6"]
[White "Pandey Srishti"]
[Black "Munkhzul, Turmunkh"]
[Result "0-1"]
[WhiteElo "1963"]
[BlackElo "2332"]
[Annotator "TA"]
[PlyCount "72"]
[EventDate "2019.10.15"]
[EventType "swiss"]
[EventCountry "IND"]
[SourceTitle "playchess.com"]
[Source "ChessBase"]
[SourceQuality "1"]

{[%evp 17,71,8,16,8,10,-16,-5,-17,-10,-27,-24,-19,-30,-138,-138,-127,-136,-148,-127,-236,-235,-281,-293,-306,-293,-326,-208,-302,-295,-308,-311,-318,-318,-906,-885,-714,-302,-302,-302,-294,-294,-301,-287,-288,-286,-280,-274,-686,-703,-1329,-700,-671,0,-1230,-1116,-29999]} 1. Nf3 Nf6 2. c4 e6 3. g3 b6 4. Bg2 Bb7 5. O-O Be7 6. d3 O-O 7. e4 d6 8. Nc3 c5 9. Ne1 Nc6 10. f4 {A17: English Opening: 1...Nf6 with ...Bb4} a6 11. g4 Nd7 12. g5 {The position is equal.} e5 $146 ({Predecessor:} 12... Re8 13. Nf3 Bf8 14. Kh1 b5 15. cxb5 axb5 16. Nxb5 d5 17. Nc3 Nb6 {0-1 (81) Mestel,A (2494)-Rotchev,I (2300) West Bromwich 2003}) 13. Nd5 exf4 14. Bxf4 Nde5 15. Nc2 (15. Qd2 $11 {keeps the balance.}) 15... Bxg5 $17 16. Bxg5 Qxg5 17. Nxb6 Rae8 18. Qe2 (18. Rf5 $17 {was worth a try.} Qd8 19. Nd5) 18... f5 $19 19. Kh1 f4 20. b4 cxb4 21. Rae1 Ng6 22. Rg1 (22. d4 {is a better defense.}) 22... Qh6 23. Bf3 Nh4 24. d4 Ne7 {Threatens to win with ...Nef5!} 25. Rg4 $2 {[#]} (25. d5 Nef5 26. Bh5 Ng3+ 27. hxg3) 25... Nef5 $1 {[%mdl 512] And now ...Ng3+! would win.} 26. Kg1 {[#]} (26. exf5 Bxf3+) 26... Ne3 $1 {[%mdl 512]} 27. Nxe3 {Black must now prevent Ned5.} Nxf3+ (27... fxe3 28. Bh1 $17) 28. Qxf3 {Hoping for Ned5.} Bxe4 (28... fxe3 29. Qxe3 Qe6 30. Qg3 $15) 29. Nf5 Bxf5 {[%mdl 64] Discovered Attack} (29... Bxf3 $2 30. Nxh6+ Kh8 31. Nf7+ $1 {[%mdl 512]} Kg8 32. Rxe8 $18) 30. Rxe8 Rxe8 31. Rxf4 Bh3 32. Kf2 $2 (32. Qg3) 32... g5 (32... Qe6 33. Kg3 $17) 33. Qc6 Bd7 ({And not} 33... gxf4 34. Qxe8+ Qf8 35. Qh5 $11) 34. Qg2 Bh3 (34... Kh8 $142 35. Re4 Rf8+ 36. Kg3 {[#]} Bh3 $1 {[%mdl 512]}) 35. Qc6 $1 {[%cal Rc6e8]} Qe6 {[%csl Ge8][%cal Re6e3]} ({Stronger than} 35... gxf4 36. Qxe8+ Qf8 37. Qh5 $11) 36. Nd7 Qe3# {Accuracy: White = 29%, Black = 70%.} 0-1

[Event "WJCC U20 Girls 2019"]
[Site "New Delhi"]
[Date "2019.10.23"]
[Round "9.7"]
[White "Aakanksha Hagawane"]
[Black "Li, Yunshan"]
[Result "1/2-1/2"]
[WhiteElo "2181"]
[BlackElo "2289"]
[Annotator "ChessBase"]
[PlyCount "117"]
[EventDate "2019.10.15"]
[EventType "swiss"]
[EventCountry "IND"]
[SourceTitle "playchess.com"]
[Source "ChessBase"]
[SourceQuality "1"]
[TimeControl "40/5400+30:1800+30"]

1. e4 {[%emt 0:00:00]} c6 {[%emt 0:00:00]} 2. Nc3 {[%emt 0:00:00]} d5 {[%emt 0:00:00]} 3. Nf3 {[%emt 0:00:00]} dxe4 {[%emt 0:00:04]} 4. Nxe4 {[%emt 0:00:08]} Nf6 {[%emt 0:00:04]} 5. Qe2 {[%emt 0:00:13]} Nxe4 {[%emt 0:00:09]} 6. Qxe4 {[%emt 0:00:06]} Qa5 {[%emt 0:00:10]} 7. Bc4 {[%emt 0:06:08]} Bf5 {[%emt 0:00:22]} 8. Qe2 {[%emt 0:03:40]} Nd7 {[%emt 0:00:25]} 9. O-O {[%emt 0:02:17]} e6 {[%emt 0:01:19]} 10. d4 {[%emt 0:00:35]} Be7 {[%emt 0:00:52]} 11. h3 {[%emt 0:02:13]} Qc7 {[%emt 0:11:31]} 12. Bb3 {[%emt 0:05:12]} O-O {[%emt 0:07:21]} 13. Be3 {[%emt 0:02:01]} Rad8 {[%emt 0:06:30]} 14. Rad1 {[%emt 0:03:59]} Bg6 {[%emt 0:08:38]} 15. c4 {[%emt 0:10:31]} Bh5 {[%emt 0:03:48]} 16. Bc1 {[%emt 0:03:15]} Bf6 {[%emt 0:07:24]} 17. Bc2 {[%emt 0:05:13]} Nb6 {[%emt 0:15:51]} 18. Qd3 {[%emt 0:04:28]} Bg6 {[%emt 0:00:21]} 19. Qe2 {[%emt 0:02:31]} Rd7 {[%emt 0:06:02]} 20. Bxg6 {[%emt 0:01:08]} hxg6 {[%emt 0:00:03]} 21. Be3 {[%emt 0:01:57]} Rfd8 {[%emt 0:00:43]} 22. b3 {[%emt 0:00:12]} Nc8 {[%emt 0:00:35]} 23. Rd2 {[%emt 0:04:29]} Qa5 {[%emt 0:05:39]} 24. Rfd1 {[%emt 0:01:38]} Nd6 {[%emt 0:10:31]} 25. Bf4 {[%emt 0:08:40]} Nf5 {[%emt 0:01:00]} 26. Qe4 {[%emt 0:03:02]} Qc3 {[%emt 0:03:46]} 27. Rc2 {[%emt 0:06:05]} Qb4 {[%emt 0:00:24]} 28. Rcd2 {[%emt 0:00:58]} Qc3 {[%emt 0:00:40]} 29. Be3 {[%emt 0:07:13]} a5 {[%emt 0:02:48]} 30. g4 {[%emt 0:03:29]} Nxe3 {[%emt 0:02:13]} 31. Qxe3 {[%emt 0:03:14]} Qxe3 {[%emt 0:01:53]} 32. fxe3 {[%emt 0:00:01]} g5 {[%emt 0:00:58]} 33. e4 {[%emt 0:01:59]} g6 {[%emt 0:02:39]} 34. Rd3 {[%emt 0:01:44]} Be7 {[%emt 0:01:01]} 35. Kf1 {[%emt 0:00:44]} b6 {[%emt 0:01:10]} 36. Ke2 {[%emt 0:00:44]} Kg7 {[%emt 0:00:14]} 37. d5 {[%emt 0:04:40]} cxd5 {[%emt 0:00:27]} 38. cxd5 {[%emt 0:00:48]} exd5 {[%emt 0:00:07]} 39. Rxd5 {[%emt 0:00:04]} Rxd5 {[%emt 0:00:06]} 40. Rxd5 {[%emt 0:00:08]} Rxd5 {[%emt 0:01:22]} 41. exd5 {[%emt 0:30:01]} Kf6 {[%emt 0:10:14]} 42. a4 {[%emt 0:00:00]} Bd6 {[%emt 0:04:53]} 43. Kd3 {[%emt 0:00:00]} Bf4 {[%emt 0:00:40]} 44. Ke4 {[%emt 0:00:00]} Bd6 {[%emt 0:02:20]} 45. Kd4 {[%emt 0:00:00]} Bf4 {[%emt 0:02:34]} 46. Kc4 {[%emt 0:04:28]} Ke7 {[%emt 0:00:18]} 47. b4 {[%emt 0:00:10]} axb4 {[%emt 0:01:48]} 48. Kxb4 {[%emt 0:00:01]} Kd6 {[%emt 0:00:29]} 49. Kc4 {[%emt 0:00:24]} Be3 {[%emt 0:01:41]} 50. Kd3 {[%emt 0:02:15]} Bc1 {[%emt 0:01:56]} 51. Ke4 f6 {[%emt 0:04:22]} 52. Nd4 {[%emt 0:02:14]} Bd2 {[%emt 0:00:38]} 53. Ne6 {[%emt 0:00:27]} Ke7 {[%emt 0:00:30]} 54. Kd3 {[%emt 0:00:33]} Bc1 {[%emt 0:00:49]} 55. Kd4 {[%emt 0:00:41]} Bd2 {[%emt 0:00:51]} 56. Kc4 {[%emt 0:00:30]} Be3 {[%emt 0:00:37]} 57. Kd3 {[%emt 0:00:33]} Bc1 {[%emt 0:00:04]} 58. Kc2 {[%emt 0:00:15]} Be3 {[%emt 0:00:18]} 59. Kd3 {[%emt 0:00:14]} 1/2-1/2

[Event "WJCC U20 Girls 2019"]
[Site "New Delhi"]
[Date "2019.10.23"]
[Round "9.8"]
[White "Song, Yuxin"]
[Black "Altantuya, Boldbaatar"]
[Result "1-0"]
[WhiteElo "2292"]
[BlackElo "2277"]
[Annotator "ChessBase"]
[PlyCount "103"]
[EventDate "2019.10.15"]
[EventType "swiss"]
[EventCountry "IND"]
[SourceTitle "playchess.com"]
[Source "ChessBase"]
[SourceQuality "1"]
[TimeControl "40/5400+30:1800+30"]

1. e4 {[%emt 0:00:00]} c5 {[%emt 0:00:00]} 2. Nf3 {[%emt 0:00:00]} e6 {[%emt 0:00:00]} 3. Nc3 {[%emt 0:00:00]} d6 {[%emt 0:02:37]} 4. g3 {[%emt 0:06:28]} Nc6 {[%emt 0:03:02]} 5. d4 {[%emt 0:01:23]} cxd4 {[%emt 0:00:27]} 6. Nxd4 {[%emt 0:00:09]} Nf6 {[%emt 0:00:59]} 7. Bg2 {[%emt 0:00:12]} a6 {[%emt 0:06:01]} 8. O-O {[%emt 0:02:45]} Bd7 {[%emt 0:00:11]} 9. Nxc6 {[%emt 0:01:56]} Bxc6 {[%emt 0:00:20]} 10. a4 {[%emt 0:05:25]} Qc7 {[%emt 0:05:45]} 11. a5 {[%emt 0:02:46]} b6 {[%emt 0:06:34]} 12. axb6 {[%emt 0:14:30]} Qxb6 {[%emt 0:00:09]} 13. b3 {[%emt 0:00:17]} Be7 {[%emt 0:09:58]} 14. Re1 {[%emt 0:00:08]} O-O {[%emt 0:01:08]} 15. Nd5 {[%emt 0:04:42]} exd5 {[%emt 0:07:35]} 16. exd5 {[%emt 0:00:15]} Nxd5 {[%emt 0:00:59]} 17. Bxd5 {[%emt 0:00:12]} Bf6 {[%emt 0:00:50]} 18. Be3 {[%emt 0:02:19]} Qb7 {[%emt 0:01:02]} 19. Bxc6 {[%emt 0:00:09]} Qxc6 {[%emt 0:00:03]} 20. Ra4 {[%emt 0:00:21]} d5 {[%emt 0:16:07]} 21. Bd4 {[%emt 0:03:36]} Rac8 {[%emt 0:01:38]} 22. Re2 {[%emt 0:01:58]} Bxd4 {[%emt 0:08:26]} 23. Rxd4 {[%emt 0:01:04]} a5 {[%emt 0:02:59]} 24. Rxd5 {[%emt 0:11:20]} a4 {[%emt 0:01:59]} 25. bxa4 {[%emt 0:00:21]} Qxa4 {[%emt 0:00:10]} 26. Red2 {[%emt 0:00:14]} Qa8 {[%emt 0:05:27]} 27. R2d4 {[%emt 0:02:02]} g6 {[%emt 0:05:30]} 28. c4 {[%emt 0:00:28]} Qa3 {[%emt 0:03:44]} 29. Rd8 {[%emt 0:09:33]} Kg7 {[%emt 0:01:10]} 30. R8d7 {[%emt 0:06:35]} Qc3 {[%emt 0:02:39]} 31. Qe2 {[%emt 0:01:20]} Rfe8 {[%emt 0:01:05]} 32. Qg4 {[%emt 0:00:16]} Qa1+ {[%emt 0:03:10]} 33. Kg2 {[%emt 0:00:26]} Rc5 {[%emt 0:01:14]} 34. Qf3 {[%emt 0:02:53]} Rf5 {[%emt 0:02:18]} 35. Rf4 {[%emt 0:04:47]} Rxf4 {[%emt 0:01:03]} 36. Qxf4 {[%emt 0:01:06]} Qa8+ {[%emt 0:00:51]} 37. Kh3 {[%emt 0:05:12]} Rf8 {[%emt 0:00:36]} 38. f3 {[%emt 0:06:51]} Qc8 {[%emt 0:00:39]} 39. Qd4+ {[%emt 0:00:05]} Kg8 {[%emt 0:00:11]} 40. c5 {[%emt 0:00:20]} Qa6 {[%emt 0:00:35]} 41. Qd5 {[%emt 0:07:39]} Qf1+ {[%emt 0:07:03]} 42. Kg4 {[%emt 0:01:27]} Qf2 {[%emt 0:07:35]} 43. h3 {[%emt 0:07:03]} h5+ {[%emt 0:01:49]} 44. Kh4 {[%emt 0:00:39]} Qb2 {[%emt 0:03:17]} 45. Kg5 {[%emt 0:01:40]} Qg7 {[%emt 0:08:20]} 46. Rd8 {[%emt 0:00:28]} Rxd8 {[%emt 0:01:41]} 47. Qxd8+ {[%emt 0:00:04]} Kh7 {[%emt 0:00:04]} 48. Qf6 {[%emt 0:02:36]} Qh6+ {[%emt 0:02:56]} 49. Kh4 {[%emt 0:00:01]} Qf8 {[%emt 0:01:58]} 50. c6 {[%emt 0:00:05]} Qc5 {[%emt 0:00:24]} 51. f4 {[%emt 0:00:51]} Qc4 {[%emt 0:00:29]} 52. Qd6 {[%emt 0:00:25]} 1-0

[Event "WJCC U20 Girls 2019"]
[Site "New Delhi"]
[Date "2019.10.23"]
[Round "9.9"]
[White "Solozhenkina, Elizaveta"]
[Black "Lakshmi C"]
[Result "1-0"]
[WhiteElo "2283"]
[BlackElo "1859"]
[Annotator "ChessBase"]
[PlyCount "125"]
[EventDate "2019.10.15"]
[EventType "swiss"]
[EventCountry "IND"]
[SourceTitle "playchess.com"]
[Source "ChessBase"]
[SourceQuality "1"]
[TimeControl "40/5400+30:1800+30"]

1. e4 c5 2. Nf3 Nc6 3. d4 cxd4 4. Nxd4 Nf6 5. Nc3 e5 6. Ndb5 d6 7. Nd5 Nxd5 8. exd5 Nb8 9. a4 Be7 10. Be2 O-O 11. O-O a6 12. Na3 f5 13. Bd2 f4 14. Nc4 Nd7 15. a5 Nf6 16. Bb4 e4 17. Ra3 Bf5 18. Re1 Rc8 19. Qd4 Ne8 20. Qb6 Rc7 21. Bf1 Rf6 22. Rc3 Rf7 23. Nd2 Rxc3 24. Bxc3 Qxb6 25. axb6 Bd8 26. Nxe4 Bxb6 27. Ng5 Rf8 28. Ne6 Rf7 29. Ng5 Rf8 30. Ne6 Rf7 31. Nxf4 Nc7 32. g3 Bxc2 33. h4 Bb3 34. Bg2 a5 35. Re2 Bc4 36. Re4 Bb3 37. h5 Kf8 38. Re2 Bc4 39. Rd2 Nb5 40. Ne6+ Kg8 41. Bxa5 Bxa5 42. Rc2 Bb6 43. Rxc4 Bxf2+ 44. Kh2 Na7 45. Be4 b5 46. Rc3 Bb6 47. Kh3 h6 48. Bg6 Rf2 49. Ra3 Rf1 50. Ra6 Nc8 51. Ra8 Rc1 52. Nf4 Bd4 53. Bf5 Bxb2 54. Be6+ Kf8 55. Ng6+ Ke8 56. Bxc8 Kd8 57. Ba6+ Kc7 58. Bxb5 Rh1+ 59. Kg4 Kb6 60. Bc6 Kc5 61. Rd8 Bf6 62. Rd7 Rb1 63. Nf4 {Kxd5} 1-0

[Event "WJCC U20 Girls 2019"]
[Site "New Delhi"]
[Date "2019.10.23"]
[Round "9.10"]
[White "Yakubbaeva, Nilufar"]
[Black "Chitlange Sakshi"]
[Result "0-1"]
[WhiteElo "2281"]
[BlackElo "2175"]
[Annotator "ChessBase"]
[PlyCount "111"]
[EventDate "2019.10.15"]
[EventType "swiss"]
[EventCountry "IND"]
[SourceTitle "playchess.com"]
[Source "ChessBase"]
[SourceQuality "1"]
[TimeControl "40/5400+30:1800+30"]

1. e4 {[%emt 0:00:00]} c6 {[%emt 0:00:00]} 2. Nf3 {[%emt 0:00:00]} d5 {[%emt 0:00:16]} 3. exd5 {[%emt 0:00:00]} cxd5 {[%emt 0:00:06]} 4. Ne5 {[%emt 0:00:01]} Nf6 {[%emt 0:05:13]} 5. d4 {[%emt 0:00:15]} g6 {[%emt 0:02:55]} 6. c3 {[%emt 0:00:16]} Bg7 {[%emt 0:01:02]} 7. Bd3 {[%emt 0:00:16]} O-O {[%emt 0:04:01]} 8. O-O {[%emt 0:00:09]} Nfd7 {[%emt 0:02:51]} 9. Qe2 {[%emt 0:02:54]} Nc6 {[%emt 0:02:07]} 10. f4 {[%emt 0:00:36]} Re8 {[%emt 0:03:28]} 11. Nd2 {[%emt 0:03:01]} Qc7 {[%emt 0:02:40]} 12. Ndf3 {[%emt 0:06:09]} Nf8 {[%emt 0:04:31]} 13. f5 {[%emt 0:08:53]} Bxf5 {[%emt 0:08:26]} 14. Bxf5 {[%emt 0:06:38]} gxf5 {[%emt 0:00:06]} 15. Nxc6 {[%emt 0:06:44]} bxc6 {[%emt 0:02:24]} 16. Nh4 {[%emt 0:02:38]} e6 {[%emt 0:02:59]} 17. Qh5 {[%emt 0:07:29]} f6 {[%emt 0:05:15]} 18. g4 {[%emt 0:02:54]} fxg4 {[%emt 0:03:49]} 19. Qxg4 {[%emt 0:00:31]} Qf7 {[%emt 0:03:38]} 20. Rf2 {[%emt 0:09:01]} Ng6 {[%emt 0:09:16]} 21. Rg2 {[%emt 0:01:46]} Nxh4 {[%emt 0:02:21]} 22. Qxh4 {[%emt 0:00:07]} Kh8 {[%emt 0:02:36]} 23. Bd2 {[%emt 0:02:30]} Bf8 {[%emt 0:07:10]} 24. Rf1 {[%emt 0:03:46]} Be7 {[%emt 0:00:45]} 25. Kh1 {[%emt 0:01:26]} Rg8 {[%emt 0:00:54]} 26. Rxg8+ {[%emt 0:00:36]} Rxg8 {[%emt 0:00:15]} 27. Bf4 {[%emt 0:03:34]} Qg6 {[%emt 0:04:47]} 28. Bg3 {[%emt 0:00:19]} Qd3 {[%emt 0:09:53]} 29. Qf4 {[%emt 0:04:53]} Rg4 {[%emt 0:00:57]} 30. Qf2 {[%emt 0:04:39]} Re4 {[%emt 0:03:42]} 31. Rg1 {[%emt 0:08:00]} Qe2 {[%emt 0:03:51]} 32. Qxe2 {[%emt 0:00:44]} Rxe2 {[%emt 0:00:01]} 33. Bf4 {[%emt 0:00:08]} Bf8 {[%emt 0:01:15]} 34. Rg2 {[%emt 0:02:46]} Re1+ {[%emt 0:00:26]} 35. Rg1 {[%emt 0:00:06]} Rxg1+ {[%emt 0:00:23]} 36. Kxg1 {[%emt 0:00:05]} Kg7 {[%emt 0:00:06]} 37. h4 {[%emt 0:00:22]} Kg6 {[%emt 0:00:11]} 38. Kf2 {[%emt 0:02:05]} Kf5 {[%emt 0:00:22]} 39. Bb8 {[%emt 0:00:39]} a6 {[%emt 0:00:12]} 40. Kf3 {[%emt 0:00:09]} h5 {[%emt 0:01:46]} 41. b3 {[%emt 0:30:43]} e5 {[%emt 0:30:28]} 42. dxe5 {[%emt 0:01:34]} fxe5 {[%emt 0:00:01]} 43. c4 {[%emt 0:00:27]} Be7 {[%emt 0:02:27]} 44. Ba7 {[%emt 0:01:53]} Bxh4 {[%emt 0:00:25]} 45. cxd5 {[%emt 0:00:55]} cxd5 {[%emt 0:00:01]} 46. a3 {[%emt 0:00:20]} Be7 {[%emt 0:01:04]} 47. b4 {[%emt 0:00:05]} h4 {[%emt 0:00:16]} 48. Bf2 {[%emt 0:00:14]} e4+ {[%emt 0:00:27]} 49. Kg2 {[%emt 0:01:28]} Kf4 {[%emt 0:00:38]} 50. Be1 {[%emt 0:01:02]} e3 {[%emt 0:00:36]} 51. a4 {[%emt 0:00:13]} d4 {[%emt 0:00:29]} 52. b5 {[%emt 0:01:06]} axb5 {[%emt 0:00:04]} 53. axb5 Bd8 {[%emt 0:01:28]} 54. Bb4 {[%emt 0:02:13]} d3 {[%emt 0:00:34]} 55. Kf1 {[%emt 0:01:01]} Kf3 {[%emt 0:00:13]} 56. Ke1 0-1

[Event "WJCC U20 Girls 2019"]
[Site "New Delhi"]
[Date "2019.10.23"]
[Round "9.11"]
[White "Cervantes Landeiro, Thalia"]
[Black "Arpita, Mukherjee"]
[Result "1/2-1/2"]
[WhiteElo "2176"]
[BlackElo "2271"]
[Annotator "ChessBase"]
[PlyCount "105"]
[EventDate "2019.10.15"]
[EventType "swiss"]
[EventCountry "IND"]
[SourceTitle "playchess.com"]
[Source "ChessBase"]
[SourceQuality "1"]
[TimeControl "40/5400+30:1800+30"]

1. d4 {[%emt 0:00:00]} Nf6 {[%emt 0:00:08]} 2. c4 {[%emt 0:00:00]} g6 {[%emt 0:00:06]} 3. f3 {[%emt 0:00:00]} Bg7 {[%emt 0:00:21]} 4. e4 {[%emt 0:00:00]} d6 {[%emt 0:00:06]} 5. Nc3 {[%emt 0:00:06]} O-O {[%emt 0:00:11]} 6. Nge2 {[%emt 0:00:07]} c5 {[%emt 0:01:52]} 7. Be3 {[%emt 0:00:07]} Nc6 {[%emt 0:01:33]} 8. d5 {[%emt 0:00:16]} Ne5 {[%emt 0:00:18]} 9. Ng3 {[%emt 0:00:11]} h5 {[%emt 0:00:39]} 10. Be2 {[%emt 0:00:38]} e6 {[%emt 0:06:42]} 11. O-O {[%emt 0:03:13]} exd5 {[%emt 0:02:49]} 12. cxd5 {[%emt 0:00:21]} a6 {[%emt 0:04:15]} 13. a4 {[%emt 0:01:27]} Nh7 {[%emt 0:06:24]} 14. Qd2 {[%emt 0:02:22]} h4 {[%emt 0:13:06]} 15. Nh1 {[%emt 0:00:17]} g5 {[%emt 0:03:46]} 16. f4 {[%emt 0:12:10]} gxf4 {[%emt 0:02:18]} 17. Bxf4 {[%emt 0:01:23]} Kh8 {[%emt 0:13:47]} 18. Nf2 {[%emt 0:05:38]} Rg8 {[%emt 0:01:25]} 19. Kh1 {[%emt 0:02:37]} Qe7 {[%emt 0:03:30]} 20. Bh5 {[%emt 0:13:11]} Bd7 {[%emt 0:03:13]} 21. Nd3 {[%emt 0:13:13]} Nc4 {[%emt 0:03:43]} 22. Qe2 {[%emt 0:02:19]} h3 {[%emt 0:01:44]} 23. g3 {[%emt 0:03:24]} b5 {[%emt 0:05:51]} 24. axb5 {[%emt 0:08:49]} axb5 {[%emt 0:00:14]} 25. Rxa8 {[%emt 0:00:34]} Rxa8 {[%emt 0:00:05]} 26. Bc1 {[%emt 0:00:58]} Rf8 {[%emt 0:02:48]} 27. Bg4 {[%emt 0:03:35]} b4 {[%emt 0:06:20]} 28. Nd1 {[%emt 0:02:06]} f5 {[%emt 0:11:09]} 29. Nf4 {[%emt 0:00:58]} Ne5 {[%emt 0:01:50]} 30. Bxh3 {[%emt 0:01:28]} fxe4 {[%emt 0:00:45]} 31. Bxd7 {[%emt 0:02:04]} Qxd7 {[%emt 0:00:06]} 32. Qxe4 {[%emt 0:00:15]} Kg8 {[%emt 0:00:39]} 33. Ne3 {[%emt 0:02:35]} Ng5 {[%emt 0:00:36]} 34. Qg2 {[%emt 0:00:23]} Bh8 {[%emt 0:00:55]} 35. h4 {[%emt 0:04:04]} Qh7 {[%emt 0:00:40]} 36. b3 {[%emt 0:11:12]} Ne4 {[%emt 0:00:57]} 37. Bb2 {[%emt 0:01:37]} Bg7 {[%emt 0:01:38]} 38. Ne6 {[%emt 0:00:49]} Rxf1+ {[%emt 0:00:12]} 39. Nxf1 {[%emt 0:00:04]} Qf5 {[%emt 0:01:12]} 40. Nf4 {[%emt 0:04:05]} Ng4 {[%emt 0:00:23]} 41. Bxg7 {[%emt 0:04:38]} Kxg7 {[%emt 0:01:13]} 42. Qf3 {[%emt 0:08:42]} Kg8 {[%emt 0:06:03]} 43. Ne3 {[%emt 0:03:47]} Nxe3 {[%emt 0:00:22]} 44. Qxe3 {[%emt 0:00:05]} Qe5 {[%emt 0:00:17]} 45. Kg2 {[%emt 0:07:03]} Qb2+ {[%emt 0:12:12]} 46. Kf3 {[%emt 0:01:15]} Nd2+ {[%emt 0:01:35]} 47. Kg4 {[%emt 0:00:24]} Nxb3 {[%emt 0:00:49]} 48. Qe6+ {[%emt 0:02:21]} Kh7 {[%emt 0:01:01]} 49. Qg6+ {[%emt 0:05:35]} Kh8 {[%emt 0:00:09]} 50. Qe8+ {[%emt 0:00:15]} Kh7 {[%emt 0:00:06]} 51. Qg6+ {[%emt 0:01:44]} Kh8 {[%emt 0:00:02]} 52. Qh6+ {[%emt 0:00:14]} Kg8 {[%emt 0:00:07]} 53. Qe6+ {[%emt 0:00:06]} 1/2-1/2

[Event "WJCC U20 Girls 2019"]
[Site "New Delhi"]
[Date "2019.10.23"]
[Round "9.12"]
[White "Priyanka, Kumari"]
[Black "Kiolbasa, Oliwia"]
[Result "0-1"]
[WhiteElo "1921"]
[BlackElo "2223"]
[Annotator "ChessBase"]
[PlyCount "94"]
[EventDate "2019.10.15"]
[EventType "swiss"]
[EventCountry "IND"]
[SourceTitle "playchess.com"]
[Source "ChessBase"]
[SourceQuality "1"]
[TimeControl "40/5400+30:1800+30"]

1. e4 {[%emt 0:00:00]} e5 {[%emt 0:00:00]} 2. Nf3 {[%emt 0:00:00]} Nf6 {[%emt 0:00:00]} 3. Nc3 {[%emt 0:02:49]} Bb4 {[%emt 0:00:59]} 4. Nxe5 {[%emt 0:05:25]} O-O {[%emt 0:01:30]} 5. Be2 {[%emt 0:04:09]} Re8 {[%emt 0:05:42]} 6. Nd3 {[%emt 0:05:05]} Bxc3 {[%emt 0:01:30]} 7. dxc3 {[%emt 0:00:37]} Nxe4 {[%emt 0:00:28]} 8. O-O {[%emt 0:02:18]} d6 {[%emt 0:01:57]} 9. Re1 {[%emt 0:04:23]} Nd7 {[%emt 0:03:01]} 10. Nf4 {[%emt 0:06:14]} Ndf6 {[%emt 0:04:19]} 11. Be3 {[%emt 0:04:05]} h6 {[%emt 0:01:56]} 12. Nh5 {[%emt 0:11:58]} Bf5 {[%emt 0:06:39]} 13. Qd4 {[%emt 0:11:51]} Nxh5 {[%emt 0:05:59]} 14. Bxh5 {[%emt 0:00:09]} Nf6 {[%emt 0:00:20]} 15. Bf3 {[%emt 0:02:32]} Be4 {[%emt 0:01:44]} 16. Bxe4 {[%emt 0:02:37]} Rxe4 {[%emt 0:02:47]} 17. Qd3 {[%emt 0:00:18]} Qe7 {[%emt 0:00:57]} 18. f3 {[%emt 0:00:56]} Re5 {[%emt 0:07:09]} 19. Bf2 {[%emt 0:00:32]} Re8 {[%emt 0:00:57]} 20. Bg3 {[%emt 0:02:21]} Rxe1+ {[%emt 0:00:39]} 21. Rxe1 {[%emt 0:00:05]} Qd7 {[%emt 0:00:26]} 22. Re3 {[%emt 0:03:28]} Rxe3 {[%emt 0:04:13]} 23. Qxe3 {[%emt 0:00:05]} Qb5 {[%emt 0:00:23]} 24. b3 {[%emt 0:05:03]} Qd5 {[%emt 0:04:54]} 25. Qd4 {[%emt 0:04:34]} Qf5 {[%emt 0:00:58]} 26. Qd2 {[%emt 0:02:51]} Qc5+ {[%emt 0:02:55]} 27. Bf2 {[%emt 0:04:58]} Qa3 {[%emt 0:00:11]} 28. Bd4 {[%emt 0:00:58]} Qxa2 {[%emt 0:01:56]} 29. Bxf6 {[%emt 0:01:24]} gxf6 {[%emt 0:00:02]} 30. h4 {[%emt 0:01:28]} Kg7 {[%emt 0:01:33]} 31. Qd3 {[%emt 0:00:53]} Qa5 {[%emt 0:01:31]} 32. Kh1 {[%emt 0:01:14]} Qe5 {[%emt 0:04:34]} 33. Qc4 {[%emt 0:01:35]} c6 {[%emt 0:00:21]} 34. Qg4+ {[%emt 0:01:53]} Kh7 {[%emt 0:00:15]} 35. Qb4 {[%emt 0:05:41]} b5 {[%emt 0:01:42]} 36. c4 {[%emt 0:02:40]} Qd4 {[%emt 0:01:51]} 37. h5 {[%emt 0:00:38]} bxc4 {[%emt 0:01:57]} 38. bxc4 {[%emt 0:00:09]} Qa1+ {[%emt 0:01:38]} 39. Kh2 {[%emt 0:00:18]} Qe5+ {[%emt 0:00:08]} 40. Kh1 {[%emt 0:01:09]} Qxh5+ {[%emt 0:00:11]} 41. Kg1 {[%emt 0:30:03]} Qc5+ {[%emt 0:30:29]} 42. Qxc5 {[%emt 0:00:04]} dxc5 {[%emt 0:00:04]} 43. Kf2 {[%emt 0:00:11]} Kg6 {[%emt 0:00:44]} 44. Ke3 {[%emt 0:00:08]} Kg5 {[%emt 0:00:16]} 45. g3 {[%emt 0:00:11]} f5 {[%emt 0:00:29]} 46. f4+ {[%emt 0:00:13]} Kg4 {[%emt 0:00:06]} 47. Kf2 {[%emt 0:00:03]} a5 {[%emt 0:00:05]} 0-1

[Event "WJCC U20 Girls 2019"]
[Site "New Delhi"]
[Date "2019.10.23"]
[Round "9.13"]
[White "Potluri Supreetha"]
[Black "Rakshitta Ravi"]
[Result "1-0"]
[WhiteElo "1767"]
[BlackElo "2310"]
[Annotator "TA"]
[PlyCount "83"]
[EventDate "2019.10.15"]
[EventType "swiss"]
[EventCountry "IND"]
[SourceTitle "playchess.com"]
[Source "ChessBase"]
[SourceQuality "1"]

{[%evp 13,83,-2,22,14,119,105,172,172,175,167,235,117,173,176,174,160,171,176,197,174,181,190,218,218,315,276,326,343,342,302,362,360,355,356,368,355,353,361,341,301,300,301,300,0,298,259,260,238,317,263,389,378,611,451,437,410,480,480,563,540,672,662,807,810,786,769,29961,6537,29973,29969,29987,29988]} 1. d4 Nf6 2. Nf3 g6 3. g3 Bg7 4. Bg2 O-O 5. O-O d6 6. c4 c6 7. b3 e5 8. dxe5 {E60: King's Indian: Unusual lines and Fianchetto Variation without Nc3} (8. Nc3 e4 9. Nd2 d5 10. e3 Re8 11. a4 h5 12. f3 exf3 13. Nxf3 Bf5 14. Nh4 Be6 15. Qd3 Na6 {½-½ (59) Oparin,G (2654)-Swiercz,D (2651) Columbia 2019}) 8... Nfd7 (8... dxe5 $11 {remains equal.} 9. Ba3 (9. Nxe5 $2 Nfd7 $19) 9... e4 10. Bxf8 Qxf8) 9. Bg5 $16 f6 $146 (9... Qe8 $16 {is a better defense.}) ({Predecessor:} 9... Qe8 10. Qxd6 f6 11. exf6 Nxf6 12. Nc3 Ne4 13. Nxe4 Bxa1 14. Bh6 Bg7 15. Bxg7 Kxg7 {1-0 (25) Matlak,M (2455)-Kalinin,O (2440) Czechia 1997}) 10. exf6 $18 {White is clearly better.} Nxf6 11. Nc3 h6 (11... Re8 $142 12. Rc1 Na6) 12. Bxf6 (12. Be3 $18 {is more deadly.}) 12... Bxf6 (12... Qxf6 $16 {might work better.} 13. Rc1 Na6) 13. Rc1 Qe7 14. Qd3 Bf5 15. e4 Be6 16. e5 dxe5 17. Qxg6+ {[%mdl 64] [#] Double Attack} Bg7 18. Nh4 Rf6 (18... Nd7 $142 19. Ne4 (19. Be4 Nf6 $18) 19... Nf6) 19. Qc2 Nd7 20. Ne4 Rf7 21. Rcd1 Nf8 22. Nd6 Rf6 23. c5 Bg4 24. Rde1 Qd7 25. f3 Be6 26. Rd1 Bd5 27. Ne4 Rf7 28. Nd6 Rf6 29. Nhf5 Ne6 30. Bh3 Bf8 31. Qe2 Rxf5 (31... Qd8 $142 32. b4 (32. Nxb7 Qc7 $18) (32. Qxe5 Nxc5 33. Nc4 Nd7 $16) 32... Bxd6) 32. Bxf5 {And now Rxd5! would win.} ({Much less strong is} 32. Nxf5 Bxc5+ 33. Kg2 Re8 $18) 32... Bg7 $2 (32... Bxd6 33. cxd6 Qxd6) 33. Bxe6+ Qxe6 34. Nxb7 Rf8 35. Nd6 Rf6 36. Ne4 Rg6 37. Nc3 h5 38. Qd3 h4 39. Nxd5 hxg3 {[#]} 40. Ne7+ $1 {[%mdl 64] Deflection} Qxe7 41. Qxg6 {[%mdl 64] Double Attack} gxh2+ 42. Kh1 {Accuracy: White = 69%, Black = 31%.} 1-0